Cyclisme : Top 30 du Tour de France 2024 - Statistiques

Statistiques générales
  • Ce quiz a été pris 624 fois
  • Le résultat moyen est 19 sur 30
Statistiques - réponses
Pos Équipe Coureur % Correct
1er UAE Team Emirates Tadej Pogacar
100%
2ème Team Visma | Lease a Bike Jonas Vingegaard
99%
3ème Soudal Quick-Step Remco Evenepoel
96%
6ème UAE Team Emirates Adam Yates
93%
12ème Team Jayco AlUla Simon Yates
93%
4ème UAE Team Emirates João Almeida
88%
5ème Soudal Quick-Step Mikel Landa
87%
13ème Cofidis Guillaume Martin
86%
7ème INEOS Grenadiers Carlos Rodriguez
83%
30ème Team dsm-firmenich PostNL Romain Bardet
80%
8ème Team Visma | Lease a Bike Matteo Jorgenson
79%
14ème Decathlon AG2R La Mondiale Team Felix Gall
77%
17ème EF Education - EasyPost Richard Carapaz
75%
19ème Movistar Team Enric Mas
74%
11ème Lidl - Trek Giulio Ciccone
69%
9ème Israel - Premier Tech Derek Gee
67%
18ème Red Bull - BORA - hansgrohe Jai Hindley
59%
10ème Bahrain - Victorious Santiago Buitrago
59%
25ème Groupama - FDJ Valentin Madouas
57%
16ème TotalEnergies Steff Cras
56%
29ème INEOS Grenadiers Egan Bernal
53%
20ème Intermarché - Wanty Louis Meintjes
49%
27ème EF Education - EasyPost Ben Healy
41%
21ème Team Visma | Lease a Bike Wilco Kelderman
38%
26ème Soudal Quick-Step Ilan Van Wilder
36%
28ème TotalEnergies Jordan Jegat
35%
15ème INEOS Grenadiers Laurens De Plus
33%
22ème Lidl - Trek Julien Bernard
26%
24ème Lidl - Trek Carlos Verona
21%
23ème Movistar Team Javier Romo
15%
Aucun quiz correspondant
Distribution des résultats
% des personnes avec chaque résultat
Percentile par nombre de réponses
Votre historique - résultats
Vous n’avez pas pris ce quiz